| 000 | 00541cam a2200193 a 4500 | ||
|---|---|---|---|
| 020 | _a0256172730 | ||
| 020 | _a0071152261 (international ed.) | ||
| 020 | _a025626614X (Wall St. Journal ed.) | ||
| 040 | _cDLC | ||
| 082 | 0 | 0 | _a338 LRW 1998 A017 Or. |
| 100 | 1 | _aColander, David C. | |
| 245 | 1 | 0 | _aMicroeconomics / |
| 250 | _a3rd ed. | ||
| 260 |
_aBoston, Mass. : _bIrwin/McGraw-Hill, _cc1998. |
||
| 300 |
_a1 v. (various pagings) : _bill. (some col.) ; _c28 cm. |
||
| 500 | _aIncludes index. | ||
| 650 | 0 | _aMicroeconomics. | |
| 942 | _cEK | ||
| 999 |
_c11950 _d11950 |
||